A civil action / (Record no. 305)
[ view plain ]
| 000 -LEADER | |
|---|---|
| fixed length control field | 01664cam a2200409 a 4500 |
| 005 - DATE AND TIME OF LATEST TRANSACTION | |
| control field | 20260322212014.0 |
| 008 - FIXED-LENGTH DATA ELEMENTS--GENERAL INFORMATION | |
| fixed length control field | data |
| 010 ## - LIBRARY OF CONGRESS CONTROL NUMBER | |
| LC control number | 96216241 |
| 020 ## - INTERNATIONAL STANDARD BOOK NUMBER | |
| International Standard Book Number | 0679772677 (Vintage) |
| 020 ## - INTERNATIONAL STANDARD BOOK NUMBER | |
| International Standard Book Number | 9780679772675 (Vintage) |
| 040 ## - CATALOGING SOURCE | |
| Original cataloging agency | DLC |
| Transcribing agency | DLC |
| Modifying agency | DLC |
| 043 ## - GEOGRAPHIC AREA CODE | |
| Geographic area code | n-us-ma |
| 050 00 - LIBRARY OF CONGRESS CALL NUMBER | |
| Classification number | KF228.A667 |
| Item number | H37 1996 |
| 092 ## - LOCALLY ASSIGNED DEWEY CALL NUMBER (OCLC) | |
| Classification number | 346.73 H37 1996 |
| 001 - CONTROL NUMBER | |
| control field | data |
| 100 1# - MAIN ENTRY--PERSONAL NAME | |
| Personal name | Harr, Jonathan. |
| 245 12 - TITLE STATEMENT | |
| Title | A civil action / |
| Statement of responsibility, etc. | Jonathan Harr. |
| 250 ## - EDITION STATEMENT | |
| Edition statement | 1st Vintage books ed. |
| 260 ## - PUBLICATION, DISTRIBUTION, ETC. | |
| Place of publication, distribution, etc. | New York : |
| Name of publisher, distributor, etc. | Vintage Books, |
| Date of publication, distribution, etc. | 1996. |
| 300 ## - PHYSICAL DESCRIPTION | |
| Extent | 502 p. : |
| Other physical details | map ; |
| Dimensions | 21 cm. |
| 500 ## - GENERAL NOTE | |
| General note | Originally published: New York : Random House, 1995. |
| 504 ## - BIBLIOGRAPHY, ETC. NOTE | |
| Bibliography, etc. note | Includes bibliographical references (p. [495]-500). |
| 600 10 - SUBJECT ADDED ENTRY--PERSONAL NAME | |
| Personal name | Anderson, Anne, |
| Dates associated with a name | 1936?- |
| General subdivision | Trials, litigation, etc. |
| 600 10 - SUBJECT ADDED ENTRY--PERSONAL NAME | |
| Personal name | Schlichtmann, Jan. |
| 610 20 - SUBJECT ADDED ENTRY--CORPORATE NAME | |
| Corporate name or jurisdiction name as entry element | W.R. Grace & Co. |
| General subdivision | Trials, litigation, etc. |
| 650 #0 - SUBJECT ADDED ENTRY--TOPICAL TERM | |
| Topical term or geographic name entry element | Trials (Toxic torts) |
| Geographic subdivision | Boston. |
| -- | Boston. |
| 650 #0 - SUBJECT ADDED ENTRY--TOPICAL TERM | |
| Topical term or geographic name entry element | Groundwater |
| General subdivision | Law and legislation |
| -- | Law and legislation |
| Geographic subdivision | Woburn. |
| -- | Woburn. |
| 650 #0 - SUBJECT ADDED ENTRY--TOPICAL TERM | |
| Topical term or geographic name entry element | Drinking water |
| General subdivision | Contamination |
| Geographic subdivision | Woburn. |
| -- | Woburn. |
| 650 #0 - SUBJECT ADDED ENTRY--TOPICAL TERM | |
| Topical term or geographic name entry element | Liability for water pollution damages |
| Geographic subdivision | Woburn. |
| -- | Woburn. |
| 856 42 - ELECTRONIC LOCATION AND ACCESS | |
| Materials specified | Contributor biographical information |
| Uniform Resource Identifier | <a href="http://www.loc.gov/catdir/bios/random051/96216241.html">http://www.loc.gov/catdir/bios/random051/96216241.html</a> |
| 856 41 - ELECTRONIC LOCATION AND ACCESS | |
| Materials specified | Sample text |
| Uniform Resource Identifier | <a href="http://www.loc.gov/catdir/samples/random051/96216241.html">http://www.loc.gov/catdir/samples/random051/96216241.html</a> |
| 856 42 - ELECTRONIC LOCATION AND ACCESS | |
| Materials specified | Publisher description |
| Uniform Resource Identifier | <a href="http://www.loc.gov/catdir/description/random0414/96216241.html">http://www.loc.gov/catdir/description/random0414/96216241.html</a> |
| 906 ## - LOCAL DATA ELEMENT F, LDF (RLIN) | |
| a | 7 |
| b | cbc |
| c | orignew |
| d | 2 |
| e | ncip |
| f | 19 |
| g | y-gencatlg |
| 922 ## - | |
| -- | ad |
| 955 ## - COPY-LEVEL INFORMATION (RLIN) | |
| -- | reclass ll06 2006-10-31 |
| 991 ## - | |
| -- | c-LL |
| -- | KF228.A7 |
| -- | H37 1996 |
| -- | 00034417416 |
| -- | Copy 1 |
| -- | BOOKS |
| Withdrawn status | Lost status | Damaged status | Not for loan | Home library | Current library | Shelving location | Date acquired | Total checkouts | Full call number | Barcode | Date last seen | Price effective from | Koha item type |
|---|---|---|---|---|---|---|---|---|---|---|---|---|---|
| Liberty | Liberty | General stacks | 22/03/2026 | KF228.A667 H37 1996 | BC0010314 | 22/03/2026 | 22/03/2026 | Books |